000 00286nam a22001337a 4500
999 _c31736
_d31736
003 Nust
005 20170109122058.0
008 170109b xxu||||| |||| 00| 0 eng d
020 _a0-07-008303-7
040 _cC
082 _a621.815
100 _aSHIGLEY
245 _aMECHANICAL ENGINEERING DESIGN
250 _a6th
260 _aSingapore
_bMcGraw-Hill
_c2003.
300 _a1230
500 _aPaperback.
942 _cBK
_2ddc